Murder, wrongful conviction and the law: an international comparative analysis

Guardado en:  
Detalles Bibliográficos
Otros Autores: Robins, Jon (Editor)
Tipo de documento: Print Libro
Lenguaje:Inglés
Publicado: London New York Routledge 2023
En:Año: 2023
Acceso en línea: Índice
Texto de la solapa
Disponibilidad en Tübingen:Disponible en Tübingen.
UB: KB 21 A 3259
Verificar disponibilidad: HBZ Gateway
Servicio de pedido Subito: Pedir ahora.
Palabras clave:

MARC

LEADER 00000cam a2200000 c 4500
001 1841936634
003 DE-627
005 20251226210226.0
007 tu
008 230411s2023 xxk||||| 00| ||eng c
020 |a 9781032170275  |c hardback  |9 978-1-032-17027-5 
020 |a 9781032170336  |c paperback  |9 978-1-032-17033-6 
035 |a (DE-627)1841936634 
035 |a (DE-599)KXP1841936634 
035 |a (OCoLC)1391910642 
040 |a DE-627  |b ger  |c DE-627  |e rda 
041 |a eng 
044 |c XA-GB 
072 7 |a LAW  |2 bisacsh 
072 7 |a LAR  |2 bicssc 
082 0 |a 345.0122  |2 23 
084 |a 2,1  |2 ssgn 
084 |a 86.15  |2 bkl 
084 |a 86.37  |2 bkl 
245 0 0 |a Murder, wrongful conviction and the law  |b an international comparative analysis  |c edited by Jon Robins 
264 1 |a London  |a New York  |b Routledge  |c 2023 
300 |a xviii, 257 Seiten  |b Illustrationen, Diagramme 
336 |a Text  |b txt  |2 rdacontent 
337 |a ohne Hilfsmittel zu benutzen  |b n  |2 rdamedia 
338 |a Band  |b nc  |2 rdacarrier 
490 0 |a Routledge contemporary issues in criminal justice and procedure 
500 |a Literaturangaben und ein Sachregister 
583 1 |a Archivierung/Langzeitarchivierung gewährleistet  |f FID  |x XA-DE-BW  |2 pdager  |5 DE-21 
650 0 |a Judicial error 
650 0 |a Murder  |x Law and legislation 
650 0 |a Criminal procedure (International law) 
650 0 |a Criminal justice, Administration of 
655 7 |a Aufsatzsammlung  |0 (DE-588)4143413-4  |0 (DE-627)105605727  |0 (DE-576)209726091  |2 gnd-content 
689 0 0 |d s  |0 (DE-588)4183472-0  |0 (DE-627)105302465  |0 (DE-576)210018860  |a Strafjustiz  |2 gnd 
689 0 1 |d s  |0 (DE-588)4162948-6  |0 (DE-627)105458392  |0 (DE-576)20987743X  |a Justizirrtum  |2 gnd 
689 0 2 |d s  |0 (DE-588)4153842-0  |0 (DE-627)105527920  |0 (DE-576)209806575  |a Fehlurteil  |2 gnd 
689 0 3 |d s  |0 (DE-588)4048737-4  |0 (DE-627)106189719  |0 (DE-576)20907907X  |a Recht  |2 gnd 
689 0 4 |d s  |0 (DE-588)4115716-3  |0 (DE-627)10581220X  |0 (DE-576)209495499  |a Reform  |2 gnd 
689 0 |5 (DE-627) 
700 1 |a Robins, Jon  |e HerausgeberIn  |0 (DE-588)1294208039  |0 (DE-627)1851160671  |4 edt 
776 1 |o 10.4324/9781003251484 
776 1 |z 9781003251484  |c ebk 
856 4 2 |u https://swbplus.bsz-bw.de/bsz1841936634inh.htm  |m V:DE-576  |m B:DE-Frei85  |v 20230703193018  |3 Inhaltsverzeichnis  |7 1 
856 4 2 |u https://swbplus.bsz-bw.de/bsz1841936634kla.htm  |m V:DE-576  |m B:DE-21  |v 20240202134413  |3 Klappentext  |7 1 
936 b k |a 86.15  |j Allgemeines Prozessrecht  |j Zivilprozess  |q SEPA  |0 (DE-627)106422510 
936 b k |a 86.37  |j Strafvollzug  |q SEPA  |0 (DE-627)106413546 
951 |a BO 
ELC |b 1 
LOK |0 000 xxxxxcx a22 zn 4500 
LOK |0 001 436203014X 
LOK |0 003 DE-627 
LOK |0 004 1841936634 
LOK |0 005 20230926160014 
LOK |0 008 230802||||||||||||||||ger||||||| 
LOK |0 040   |a DE-21  |c DE-627  |d DE-21 
LOK |0 852   |a DE-21 
LOK |0 852 1  |c KB 21 A 3259  |9 00 
LOK |0 935   |a krim 
LOK |0 938   |a 2309  |f 34 
LOK |0 939   |a 02-08-23  |b l01 
LOK |0 000 xxxxxcx a22 zn 4500 
LOK |0 001 4307223330 
LOK |0 003 DE-627 
LOK |0 004 1841936634 
LOK |0 005 20230620114256 
LOK |0 008 230411||||||||||||||||ger||||||| 
LOK |0 040   |a DE-Frei85  |c DE-627  |d DE-Frei85 
LOK |0 852   |a DE-Frei85 
LOK |0 852 1  |m p  |9 00 
LOK |0 938   |k p 
LOK |0 939   |a 11-04-23  |b l01 
ORI |a SA-MARC-krimdoka001.raw 
SIG |a UB: KB 21 A 3259